000 00301nam a2200121Ia 4500
008 191201s2015 xx 000 0 und d
100 _aGHEZZI, Carlo
245 0 _aFundamental of software Engineering
250 _a2nd edi.
260 _c2015
_bPearson
_aNEW DELHI
300 _a604
942 _2ddc
_cBK
_02
999 _c7991
_d7991